| 000 | 00484nam a22001817a 4500 | ||
|---|---|---|---|
| 005 | 20251204143132.0 | ||
| 008 | 251203b |||||||| |||| 00| 0 eng d | ||
| 020 | _a978-93-9410-225-5 | ||
| 041 | _aeng | ||
| 082 | _a616.075 48 LAK | ||
| 100 |
_aLAKHKAR, BHUSHAN AND LAKHKAR / GURU, BHUSHITA _98843 |
||
| 245 | _aRADIOLOGICAL PROCEDURES | ||
| 250 | _a4TH ED. 2022 | ||
| 260 | _bARYA PUBLISHING COMPANEY | ||
| 300 | _a344;P | ||
| 650 |
_aPARAMEDICAL _xBMIRT _98845 |
||
| 942 | _cBK | ||
| 999 |
_c9024 _d9022 |
||